Central Library OPAC University of Rajshahi

রবীন্দ্রনাথ / (Record no. 38441)

MARC details
000 -LEADER
fixed length control field 01067nam a2200229 a 4500
001 - CONTROL NUMBER
control field 38441
003 - CONTROL NUMBER IDENTIFIER
rucl marc code BD-RjUL
005 - DATE AND TIME OF LATEST TRANSACTION
control field 20211209052810.0
008 - FIXED-LENGTH DATA ELEMENTS--GENERAL INFORMATION
fixed length control field 151203s2000 ii ||||| |||| 00| 0 ben d
035 ## - SYSTEM CONTROL NUMBER
System control number (BD-RjUL)38546
040 ## - CATALOGING SOURCE
Original cataloging agency BD-RjUL
Language of cataloging eng
Transcribing agency BD-RjUL
Modifying agency BD-RjUL
041 ## - LANGUAGE CODE
Language code of text/sound track or separate title ben
082 ## - DEWEY DECIMAL CLASSIFICATION NUMBER
Edition number 23
Classification number 891.4414
Author mark and year SER 2000
100 ## - MAIN ENTRY--PERSONAL NAME
Personal name সেনগুপ্ত, সুবোধচন্দ্র
9 (RLIN) 118717
245 ## - TITLE STATEMENT
Title রবীন্দ্রনাথ /
Statement of responsibility, etc. শ্রীসুবোধচন্দ্র সেনগুপ্ত
250 ## - EDITION STATEMENT
Edition statement ৪র্থ সং.
260 ## - PUBLICATION, DISTRIBUTION, ETC. (IMPRINT)
Place of publication, distribution, etc. কলকাতা-৭০০০৭৩ :
Name of publisher, distributor, etc. এ. মুখার্জী এ্যান্ড কোং প্রাইভেট লিমিটেড,
Date of publication, distribution, etc. ২০০০
300 ## - PHYSICAL DESCRIPTION
Pagination ৩৪২ পৃ. ;
Size ২২ সেমি
600 ## - SUBJECT ADDED ENTRY--PERSONAL NAME
Personal name ঠাকুর, রবীন্দ্রনাথ
Dates associated with a name ১৮৬১-১৯৪১
General subdivision সমালোচনা ও ব্যাখ্যা
Personal name Tagore, Rabindranath,
Dates associated with a name 1861-1941
General subdivision Criticism and interpretation.
942 ## - ADDED ENTRY ELEMENTS (KOHA)
Source of classification or shelving scheme Dewey Decimal Classification
Koha item type Books
Holdings
Lost status Source of classification or shelving scheme Damaged status Not for loan Collection code Permanent Location Current Location Shelving location Date acquired Source of acquisition Cost, normal purchase price Total Checkouts Full call number Date last seen Date checked out Copy number Koha item type
  Dewey Decimal Classification     Non-fiction Central Library, University of Rajshahi Central Library, University of Rajshahi   09/03/2008 প্যারাগন এন্টারপ্রাইজ লি:, ঢাকা 100.00 2 B 891.4414 SER 2000 28/08/2019 25/08/2019 C-2 Books
  Dewey Decimal Classification     Non-fiction Central Library, University of Rajshahi Central Library, University of Rajshahi   09/03/2008 প্যারাগন এন্টারপ্রাইজ লি:, ঢাকা 100.00   B 891.4414 SER 2000 25/04/2016   C-3 Books